000 00641nam a22002177a 4500
005 20251108174529.0
008 250721s2002 xx 000 0 ara d
020 _a9953130299
082 1 4 _a821/غنب
100 1 _aغنبرود، جيرمان درو
_eمؤلف
245 1 0 _aالطريق /
246 1 1 _aThe Road
264 1 _aبيروت :
_bدار صادر،
_c2002.
300 _a71ص.
500 _aالشعر الإنجليزي مترجم باللغة العربية
650 1 7 _aالادب الانجليزي
650 1 7 _aالشعر
700 1 _aرفقه، فؤاد
_eمترجم
942 _2ddc
_cBK
999 _c111505
_d111505